| 000 | 00606nam a2200193 u 4500 | ||
|---|---|---|---|
| 005 | 20240925065159.0 | ||
| 008 | 081202s1999 cu r 000 0 spa d | ||
| 020 | _a9592580626 | ||
| 035 | _aUPN01000168304 | ||
| 049 | _aCG | ||
| 050 | 4 |
_aHM1033 _bR6.2 |
|
| 100 | 1 | _aRoca Perara, Miguel A. | |
| 245 | 1 | 0 |
_aApoyo social : _bsu significación para la salud humana / _cMiguel A. Roca Perara, Marilín Pérez Lazo de la Vega. |
| 260 |
_aLa Habana : _bF. Varela, _cc1999. |
||
| 300 | _a183 p. | ||
| 650 | 4 |
_aPsicología social _95889 |
|
| 700 | 1 |
_aPérez Lazo de la Vega, Marilín, _ecoaut. |
|
| 905 | _aLibro | ||
| 999 |
_c140411 _d140411 |
||